[Event "Preferente Aragonesa 2024 - Grupo I"]
[Site "?"]
[Date "2024.02.17"]
[Round "4.38"]
[White "Arino Castan, Federico"]
[Black "Felez Casedas, Carlos"]
[Result "0-1"]
[WhiteElo "1625"]
[BlackElo "1963"]
[PlyCount "132"]
[GameId "2166508125061427"]
[EventDate "2024.01.27"]
[WhiteTeam "Binefar"]
[BlackTeam "L'Aurora Estadilla"]

1. d4 d5 2. c4 c6 3. Nc3 Nf6 4. Bg5 e6 5. e3 Nbd7 6. Nf3 Qa5 7. Nd2 dxc4 8. Bxf6 Nxf6 9. Bxc4 Be7 10. O-O O-O 11. a3 e5 12. Nb3 Qc7 13. dxe5 Qxe5 14. Qd4 Ng4 15. Qxe5 Nxe5 16. Be2 Be6 17. Nd4 Bc4 18. Rac1 Rfd8 19. Rfd1 c5 20. Nf5 Bf8 21. Bf1 Bb3 22. Rxd8 Rxd8 23. Ne4 b6 24. h3 h6 25. Kh2 Be6 26. Nfg3 f5 27. Nc3 Rd2 28. f4 Nd3 29. Rd1 Rxd1 30. Nxd1 c4 31. Ne2 g5 32. Nd4 Bd7 33. g3 Bg7 34. Bg2 gxf4 35. Bd5+ Kh7 36. gxf4 b5 37. Kg3 Kg6 38. a4 a6 39. axb5 axb5 40. b3 cxb3 41. Nxb3 Nb4 42. Bg8 Bc6 43. Nd4 Bxd4 44. exd4 Bd5 45. Bxd5 Nxd5 46. Nb2 b4 47. Kf3 b3 48. h4 Kf6 49. Nd3 Kf7 50. Kg3 Ke8 51. Kf3 Kd8 52. Nb2 Kc7 53. Ke2 Kb6 54. Kd2 Kb5 55. Nd3 Kc4 56. h5 Kxd4 57. Ne5 Nxf4 58. Nf7 Nxh5 59. Nxh6 f4 60. Nf5+ Kc4 61. Nd6+ Kb4 62. Ne4 Ng3 63. Nf2 Ka3 64. Nd3 Ne4+ 65. Ke2 Nc3+ 66. Kf3 Nd5 0-1

[Event "Preferente Aragonesa 2024 - Grupo I"]
[Site "?"]
[Date "2024.02.17"]
[Round "4.39"]
[White "Pellicer Cemeli, Jose Luis"]
[Black "Amello Montiu, Jonathan"]
[Result "0-1"]
[WhiteElo "1952"]
[BlackElo "1621"]
[PlyCount "88"]
[GameId "2166508125122868"]
[EventDate "2024.01.27"]
[WhiteTeam "L'Aurora Estadilla"]
[BlackTeam "Binefar"]

1. c4 c5 2. g3 Nc6 3. Bg2 g6 4. Nc3 Nf6 5. e3 Bg7 6. Nge2 d6 7. O-O O-O 8. Rb1 Bf5 9. d3 Qc8 10. Nf4 Re8 11. e4 Bg4 12. f3 Bd7 13. a3 a5 14. Nb5 Na7 15. Nc3 b5 16. Ncd5 Nxd5 17. Nxd5 Rb8 18. Bg5 Nc6 19. cxb5 Rxb5 20. Nc3 Rb7 21. Be3 Nd4 22. Ne2 Nxe2+ 23. Qxe2 Qb8 24. Rf2 Rb3 25. Qd2 Rxa3 26. bxa3 Qxb1+ 27. Rf1 Qb5 28. f4 Rb8 29. f5 a4 30. Bh6 Qb2 31. fxg6 hxg6 32. Qf4 Be8 33. Bxg7 Kxg7 34. Bh3 f6 35. Be6 Qxa3 36. g4 Qxd3 37. g5 Qd4+ 38. Kh1 Qe5 39. Qg4 Qxg5 40. Qh3 Qe5 41. Bf5 gxf5 42. Qg2+ Kf8 43. exf5 Rb2 44. Qh3 Bc6+ 0-1

[Event "Preferente Aragonesa 2024 - Grupo I"]
[Site "?"]
[Date "2024.02.17"]
[Round "4.40"]
[White "Quintilla Alonso, Nicolas"]
[Black "Fuentes Espuna, Juan Antonio"]
[Result "1/2-1/2"]
[WhiteElo "1569"]
[BlackElo "1914"]
[PlyCount "167"]
[GameId "2166508125172021"]
[EventDate "2024.01.27"]
[WhiteTeam "Binefar"]
[BlackTeam "L'Aurora Estadilla"]

1. e4 e5 2. Nf3 Nc6 3. Bc4 Nf6 4. d4 exd4 5. O-O d6 6. Nxd4 Bg4 7. f3 Bh5 8. Nc3 Ne5 9. Bb3 Be7 10. Nf5 O-O 11. Bg5 h6 12. Nxe7+ Qxe7 13. Nd5 Qd8 14. Nxf6+ gxf6 15. Bxh6 Re8 16. Qe1 Kh7 17. Qh4 Kxh6 18. g4 Rh8 19. Qxh5+ Kg7 20. Qf5 Rh4 21. Rf2 Qh8 22. g5 fxg5 23. Qxg5+ Kf8 24. Raf1 Rh5 25. Qd2 Ke7 26. Rg2 Rg8 27. Rxg8 Qxg8+ 28. Kh1 Qg6 29. c3 Qf6 30. Bd1 Ng4 31. Kg1 Rxh2 32. Qe1 Qh6 33. fxg4 Rh1+ 34. Kf2 Rh2+ 35. Kf3 Rh3+ 36. Kg2 Rh2+ 37. Kf3 Rh3+ 38. Kg2 Re3 39. Rh1 Rxe1 40. Rxh6 Rxd1 41. Kg3 Rd3+ 42. Kf4 Rd2 43. g5 Rxb2 44. a4 Rg2 45. Kf5 Rf2+ 46. Kg4 Rc2 47. Rh7 Kf8 48. Rh8+ Kg7 49. Rb8 b6 50. Rb7 Rxc3 51. Rxa7 Rc4 52. Kf5 Rc5+ 53. Kf4 f6 54. gxf6+ Kxf6 55. Ke3 Ke5 56. Ra8 Rc3+ 57. Kd2 Kd4 58. a5 bxa5 59. Rxa5 Rc4 60. e5 dxe5 61. Ra7 e4 62. Ra8 e3+ 63. Ke2 Rc2+ 64. Ke1 c5 65. Rd8+ Kc3 66. Re8 e2 67. Rc8 c4 68. Rc7 Kb2 69. Rb7+ Kc1 70. Rb8 c3 71. Rc8 Kb1 72. Rc7 Ka2 73. Rc8 Kb3 74. Rb8+ Kc4 75. Rc8+ Kb5 76. Rb8+ Kc6 77. Rc8+ Kd7 78. Rc4 Kd6 79. Re4 Kd5 80. Rxe2 Rc1+ 81. Kf2 c2 82. Ke3 Kc4 83. Kd2 Ra1 84. Kxc2 1/2-1/2

[Event "Preferente Aragonesa 2024 - Grupo I"]
[Site "?"]
[Date "2024.02.17"]
[Round "4.41"]
[White "Abril Avellanas, Eduardo"]
[Black "Rubiella Moreno, Oscar"]
[Result "1-0"]
[WhiteElo "2167"]
[BlackElo "1691"]
[PlyCount "57"]
[GameId "2166508125212982"]
[EventDate "2024.01.27"]
[WhiteTeam "Atletismo Huesca"]
[BlackTeam "Enroque de Barbastro"]

1. d4 Nf6 2. Nf3 g6 3. Bf4 Bg7 4. e3 O-O 5. Be2 d6 6. h3 Nbd7 7. O-O Qe8 8. c4 e5 9. Bh2 Ne4 10. Qc2 f5 11. dxe5 dxe5 12. Nbd2 Nxd2 13. Qxd2 e4 14. Nd4 Ne5 15. c5 Qe7 16. Rac1 Rd8 17. Qc2 Be6 18. Bxe5 Bxe5 19. Nxe6 Qxe6 20. Bc4 Rd5 21. Bxd5 Qxd5 22. b3 Qe6 23. Rfd1 Kf7 24. Rd2 c6 25. Qc4 Qxc4 26. Rxc4 Ke6 27. f3 exf3 28. gxf3 g5 29. Kf2 1-0

[Event "Preferente Aragonesa 2024 - Grupo I"]
[Site "?"]
[Date "2024.02.17"]
[Round "4.42"]
[White "Vinuales Satue, Jose Antonio"]
[Black "Luis Vitalla, Fernando"]
[Result "0-1"]
[WhiteElo "1682"]
[BlackElo "2097"]
[PlyCount "56"]
[GameId "2166508125253943"]
[EventDate "2024.01.27"]
[WhiteTeam "Enroque de Barbastro"]
[BlackTeam "Atletismo Huesca"]

1. e4 c5 2. Nf3 Nf6 3. Nc3 d5 4. e5 Ne4 5. d4 e6 6. Bd3 Nxc3 7. bxc3 Nc6 8. O-O Be7 9. Bb5 Bd7 10. c4 dxc4 11. Bxc4 cxd4 12. Bb2 Qa5 13. Bxd4 Nxd4 14. Qxd4 Qc5 15. Rfd1 Qxd4 16. Nxd4 Rc8 17. Bd3 O-O 18. a4 a6 19. Rdb1 Rc7 20. Rb2 Bc5 21. Nb3 Bb4 22. Rba2 Bc3 23. Rd1 Bxe5 24. Nd2 Bc6 25. c4 Rd8 26. Nf3 Bf6 27. Ne1 Rcd7 28. f3 Bc3 0-1

[Event "Preferente Aragonesa 2024 - Grupo I"]
[Site "?"]
[Date "2024.02.17"]
[Round "4.43"]
[White "Gella Bitrian, Diego"]
[Black "Vinuales Ferro, Antonio"]
[Result "1-0"]
[WhiteElo "1978"]
[BlackElo "1599"]
[PlyCount "50"]
[GameId "2166508125303096"]
[EventDate "2024.01.27"]
[WhiteTeam "Atletismo Huesca"]
[BlackTeam "Enroque de Barbastro"]

1. e4 c5 2. Nf3 d6 3. d4 cxd4 4. Nxd4 Nf6 5. Nc3 a6 6. Be2 g6 7. Be3 b5 8. Bf3 e5 9. Nb3 Bb7 10. a3 Nbd7 11. Qe2 Nb6 12. Na5 Qc7 13. Nxb7 Qxb7 14. O-O Bg7 15. Rad1 O-O 16. Rd3 Rac8 17. Rfd1 Nc4 18. Bc1 b4 19. axb4 Qxb4 20. b3 Na3 21. Bb2 Rfd8 22. Na2 Qc5 23. Rc3 Qa5 24. b4 Qa4 25. Rxa3 Qxc2 1-0

[Event "Preferente Aragonesa 2024 - Grupo I"]
[Site "?"]
[Date "2024.02.17"]
[Round "4.44"]
[White "Rodriguez Avellanas, Jose Manuel"]
[Black "Laplaza Ara, Carlos"]
[Result "0-1"]
[WhiteElo "1598"]
[BlackElo "1910"]
[PlyCount "58"]
[GameId "2166508125405497"]
[EventDate "2024.01.27"]
[WhiteTeam "Enroque de Barbastro"]
[BlackTeam "Atletismo Huesca"]

1. c4 Nf6 2. Nc3 e6 3. Nf3 d5 4. d4 Be7 5. e3 O-O 6. a3 b6 7. cxd5 exd5 8. Be2 c5 9. O-O Nc6 10. Ne5 Bb7 11. Bf3 Nxe5 12. dxe5 Ne4 13. Nxe4 dxe4 14. Be2 Qc7 15. Bd2 Qxe5 16. Bc3 Qe6 17. Qc2 Bf6 18. Rad1 Rad8 19. b4 cxb4 20. Bxb4 Rxd1 21. Rxd1 Rc8 22. Qd2 a5 23. Bc3 Bxc3 24. Qd8+ Qe8 25. Qxb6 Bc6 26. Bg4 Rb8 27. Qc7 a4 28. g3 Be5 29. Qa5 g6 0-1

[Event "Preferente Aragonesa 2024 - Grupo I"]
[Site "?"]
[Date "2024.02.17"]
[Round "4.45"]
[White "Malo Guillen, Jose Luis"]
[Black "Zambrana Petisme, Ramiro"]
[Result "1-0"]
[WhiteElo "2070"]
[BlackElo "2112"]
[PlyCount "87"]
[GameId "2166508125446458"]
[EventDate "2024.01.27"]
[WhiteTeam "Las Fuentes"]
[BlackTeam "Palacio De Pioneros B"]

1. d4 Nf6 2. Nf3 g6 3. c4 Bg7 4. g3 O-O 5. Bg2 d6 6. O-O c5 7. dxc5 dxc5 8. Ne5 Qd4 9. Qxd4 cxd4 10. Na3 Nfd7 11. Nd3 Nc6 12. Rb1 Nde5 13. b4 Bf5 14. Rb3 Rac8 15. Nxe5 Bxe5 16. e4 dxe3 17. Bxe3 Rfd8 18. Rc1 Rd7 19. Nb5 Rcd8 20. h3 a6 21. Nc3 Nd4 22. Bxd4 Bxd4 23. Nd5 e6 24. Ne3 Ba7 25. c5 e5 26. Ng4 Bxg4 27. hxg4 Kg7 28. g5 Rc7 29. Rbc3 Rd4 30. a3 Rg4 31. Rd1 Rxg5 32. Rcd3 a5 33. Rd7 Rxd7 34. Rxd7 axb4 35. axb4 e4 36. Rxb7 Bxc5 37. bxc5 Rxc5 38. Bxe4 Re5 39. Bc2 Re6 40. Bb3 Rf6 41. Kg2 h6 42. f3 Kg8 43. f4 Kg7 44. Kf3 1-0

[Event "Preferente Aragonesa 2024 - Grupo I"]
[Site "?"]
[Date "2024.02.17"]
[Round "4.46"]
[White "Colom Sienes, Eduardo"]
[Black "Artal Alegria, Francisco Javier"]
[Result "1-0"]
[WhiteElo "2070"]
[BlackElo "1747"]
[PlyCount "53"]
[GameId "2166508125483323"]
[EventDate "2024.01.27"]
[WhiteTeam "Palacio De Pioneros B"]
[BlackTeam "Las Fuentes"]

1. e4 e5 2. Bc4 d6 3. d3 Qe7 4. Na3 c6 5. Ne2 Be6 6. O-O Nd7 7. Bb3 a6 8. f4 f6 9. d4 Bxb3 10. axb3 g6 11. b4 Qd8 12. Qd3 Nb6 13. Be3 Ne7 14. dxe5 fxe5 15. fxe5 d5 16. Bc5 Nc4 17. Qf3 Qc7 18. Qf7+ Kd8 19. Qxf8+ Rxf8 20. Rxf8+ Kd7 21. Rxa8 Nc8 22. e6+ Kxe6 23. exd5+ cxd5 24. Nd4+ Kf7 25. Rf1+ Ke8 26. Rf8+ Kd7 27. Rf7+ 1-0

[Event "Preferente Aragonesa 2024 - Grupo I"]
[Site "?"]
[Date "2024.02.17"]
[Round "4.47"]
[White "Pascual Sese, Lucas"]
[Black "Climente Martinez, Jose Luis"]
[Result "0-1"]
[WhiteElo "1732"]
[BlackElo "2037"]
[PlyCount "87"]
[GameId "2166508125524284"]
[EventDate "2024.01.27"]
[WhiteTeam "Las Fuentes"]
[BlackTeam "Palacio De Pioneros B"]

1. d4 d5 2. Bf4 Nf6 3. e3 Bf5 4. Bd3 Bg6 5. h3 e6 6. Nf3 Nbd7 7. a3 c5 8. Bxg6 hxg6 9. Nbd2 Qb6 10. Rb1 Bd6 11. Bxd6 Qxd6 12. c3 c4 13. Qe2 b5 14. e4 dxe4 15. Nxe4 Nxe4 16. Qxe4 Rb8 17. Rd1 Rh5 18. Qe3 a5 19. O-O Nf6 20. Ne5 Qd5 21. Qf3 Qxf3 22. Nxf3 b4 23. axb4 axb4 24. Ne5 bxc3 25. bxc3 Nd5 26. Nxc4 Nxc3 27. Rd2 Rb4 28. Ne3 Rxd4 29. Rc2 Nd5 30. Ng4 Nf6 31. Ne3 Rb5 32. Ra1 Rd7 33. Rc6 Rbb7 34. Nc4 Rb8 35. Nd6+ Kf8 36. Nc4 Rbd8 37. Raa6 Ne4 38. Ne5 Rb7 39. f3 Nf6 40. Rab6 Rxb6 41. Rxb6 Nd7 42. Nxd7+ Rxd7 43. Rb8+ Ke7 44. Rg8 0-1

[Event "Preferente Aragonesa 2024 - Grupo I"]
[Site "?"]
[Date "2024.02.17"]
[Round "4.48"]
[White "Caballero Ortin, Jorge"]
[Black "Manguez Cambra, Jose Luis"]
[Result "1/2-1/2"]
[WhiteElo "1724"]
[BlackElo "1726"]
[PlyCount "46"]
[GameId "2166508125569341"]
[EventDate "2024.01.27"]
[WhiteTeam "Palacio De Pioneros B"]
[BlackTeam "Las Fuentes"]

1. e4 d5 2. exd5 Qxd5 3. Nc3 Qa5 4. d4 c6 5. Nf3 Nf6 6. Bd2 Bg4 7. h3 Bh5 8. g4 Bg6 9. Ne5 Qc7 10. f4 Be4 11. Nxe4 Nxe4 12. Qf3 Nxd2 13. Kxd2 Nd7 14. Nxd7 Qxd7 15. Rd1 O-O-O 16. Kc1 e6 17. Bg2 Qd5 18. Qxd5 exd5 19. Kd2 Bd6 20. Rhf1 Rhe8 21. Rde1 Rxe1 22. Kxe1 Re8+ 23. Kd2 Kd7 1/2-1/2

[Event "Preferente Aragonesa 2024 - Grupo I"]
[Site "?"]
[Date "2024.02.17"]
[Round "4.49"]
[White "Llorente Zaro, Alfonso"]
[Black "Carrasquer Alonso, Luis"]
[Result "1-0"]
[WhiteElo "2433"]
[BlackElo "1816"]
[PlyCount "55"]
[GameId "2166508125614398"]
[EventDate "2024.01.27"]
[WhiteTeam "Agrupacion A"]
[BlackTeam "Jaque - Aramovil B"]

1. Nf3 d5 2. g3 Nf6 3. Bg2 e6 4. O-O Be7 5. c4 c6 6. d4 dxc4 7. Ne5 O-O 8. Nc3 Nbd7 9. Nxc4 Nb6 10. Ne5 Nbd5 11. e4 Nxc3 12. bxc3 c5 13. Bf4 cxd4 14. cxd4 Bd7 15. Rb1 a6 16. Rxb7 Bb5 17. Re1 Bb4 18. Nc6 Bxc6 19. Rxb4 Qe7 20. Rb6 Qd7 21. d5 exd5 22. exd5 Bb5 23. d6 Rfe8 24. Be3 Re6 25. Bh3 Rae8 26. Bxe6 Rxe6 27. Bg5 Nd5 28. Rb8+ 1-0

[Event "Preferente Aragonesa 2024 - Grupo I"]
[Site "?"]
[Date "2024.02.17"]
[Round "4.50"]
[White "Montoro Mavilla, Sergio"]
[Black "Martin Moreno, Luis"]
[Result "0-1"]
[WhiteElo "1787"]
[BlackElo "2314"]
[PlyCount "94"]
[GameId "2166508125651263"]
[EventDate "2024.01.27"]
[WhiteTeam "Jaque - Aramovil B"]
[BlackTeam "Agrupacion A"]

1. e4 Nf6 2. e5 Nd5 3. d4 d6 4. exd6 cxd6 5. Bc4 Nb6 6. Bb3 d5 7. Bf4 Nc6 8. Nf3 Bg4 9. c3 e6 10. h3 Bh5 11. g4 Bg6 12. Qe2 Bd6 13. Ne5 Bxe5 14. Bxe5 O-O 15. Bg3 Na5 16. Nd2 Rc8 17. O-O Nbc4 18. Nxc4 Nxc4 19. Bxc4 dxc4 20. Rfd1 Qb6 21. Rd2 Rfd8 22. Re1 Rd5 23. f4 Qc6 24. Qg2 h5 25. Re5 hxg4 26. hxg4 Bd3 27. Rxd5 exd5 28. f5 Qh6 29. Qh2 Qg5 30. Bf4 Qxg4+ 31. Qg3 Qxg3+ 32. Bxg3 Bxf5 33. Re2 Be4 34. Kf2 f6 35. a3 Kf7 36. Bd6 Rh8 37. Re1 g5 38. Rg1 Ke6 39. Bc7 Rh7 40. Bb8 a6 41. Bg3 b5 42. Ra1 Rb7 43. Rg1 a5 44. Ra1 f5 45. Be5 f4 46. Rg1 Kf5 47. Bd6 Rh7 0-1

[Event "Preferente Aragonesa 2024 - Grupo I"]
[Site "?"]
[Date "2024.02.17"]
[Round "4.51"]
[White "Mimbela Lopez, Luis"]
[Black "Castillo Pla, Emilio"]
[Result "1-0"]
[WhiteElo "2007"]
[BlackElo "1701"]
[PlyCount "87"]
[GameId "2166508125692224"]
[EventDate "2024.01.27"]
[WhiteTeam "Agrupacion A"]
[BlackTeam "Jaque - Aramovil B"]

1. d4 f5 2. e4 fxe4 3. Nc3 Nf6 4. Bg5 c6 5. Bxf6 exf6 6. Nxe4 d5 7. Ng3 Qe7+ 8. Qe2 Qxe2+ 9. Bxe2 Bd6 10. O-O-O O-O 11. Bd3 f5 12. h3 g6 13. Nf3 Nd7 14. Ne2 Nf6 15. Ne5 Re8 16. f4 Ne4 17. Bxe4 fxe4 18. Rdf1 Rf8 19. Kd2 Be6 20. Ng3 Rae8 21. Ke3 Kg7 22. Ne2 Re7 23. g4 Bc8 24. c4 Be6 25. c5 Bb8 26. b4 Bd7 27. a4 g5 28. fxg5 Rxf1 29. Rxf1 Bxe5 30. dxe5 Rxe5 31. Kf4 Re7 32. Nd4 Rf7+ 33. Nf5+ Kf8 34. Ke5 Bxf5 35. gxf5 e3 36. f6 Rd7 37. Kd4 Rd8 38. Re1 b6 39. Rxe3 bxc5+ 40. bxc5 Rb8 41. Re6 Rb4+ 42. Kc3 Rc4+ 43. Kd3 Rxc5 44. Re7 1-0

[Event "Preferente Aragonesa 2024 - Grupo I"]
[Site "?"]
[Date "2024.02.17"]
[Round "4.52"]
[White "Broto Izquierdo, Sixto"]
[Black "Barros Gutierrez, Angel Luis"]
[Result "0-1"]
[WhiteElo "1560"]
[BlackElo "1991"]
[PlyCount "56"]
[GameId "2166508125733185"]
[EventDate "2024.01.27"]
[WhiteTeam "Jaque - Aramovil B"]
[BlackTeam "Agrupacion A"]

1. d4 c5 2. e3 g6 3. Nf3 Bg7 4. Bd3 Nf6 5. O-O O-O 6. c3 d5 7. Nbd2 Nbd7 8. e4 e5 9. dxe5 Nxe4 10. Bxe4 dxe4 11. Nxe4 Qc7 12. e6 fxe6 13. Qd6 Qxd6 14. Nxd6 b6 15. Nxc8 Raxc8 16. Re1 Rfe8 17. Ng5 Nf8 18. Ne4 Red8 19. Bg5 Rd5 20. Nf6+ Bxf6 21. Bxf6 Rc7 22. Re2 Rcd7 23. Rae1 Kf7 24. Bh4 c4 25. f3 b5 26. Bf2 Rb7 27. Bd4 b4 28. cxb4 Rxd4 0-1

[Event "Preferente Aragonesa 2024 - Grupo II"]
[Site "?"]
[Date "2024.02.17"]
[Round "4.53"]
[White "Cabrera Moreno, Daniel"]
[Black "Navarro Remon, Mario"]
[Result "0-1"]
[WhiteElo "2157"]
[BlackElo "1864"]
[PlyCount "96"]
[GameId "2166508125823298"]
[EventDate "2024.01.27"]
[WhiteTeam "Tauste"]
[BlackTeam "Teruel B"]

1. d4 Nf6 2. Bg5 Ne4 3. Bf4 d5 4. Nd2 Bf5 5. f3 Nxd2 6. Qxd2 e6 7. e3 a6 8. Ne2 c5 9. c3 Nc6 10. g4 Bg6 11. Bg3 h5 12. Nf4 Qf6 13. Nxg6 Qxg6 14. Bd3 Qf6 15. Qe2 h4 16. Bf2 cxd4 17. exd4 Bd6 18. O-O-O Bf4+ 19. Be3 b5 20. a3 Na5 21. Kb1 Nc4 22. Bxf4 Qxf4 23. Rhe1 Kd7 24. h3 Rhb8 25. Bxc4 bxc4 26. Qe5 Qh6 27. f4 Rb6 28. Re2 Rab8 29. Rf1 Kc6 30. f5 Kb5 31. Qc7 R8b7 32. Qc5+ Ka4 33. Ka2 Rb5 34. Qc6 R7b6 35. Qd7 Rb7 36. Qc8 Rxb2+ 37. Rxb2 Rxb2+ 38. Kxb2 Qd2+ 39. Kb1 Qd3+ 40. Kb2 Qd2+ 41. Kb1 Qd3+ 42. Kb2 Qe2+ 43. Kb1 Qxf1+ 44. Kb2 Qe2+ 45. Kc1 Kb3 46. Qb7+ Kxc3 47. Qb4+ Kd3 48. Kb1 Qd1+ 0-1

[Event "Preferente Aragonesa 2024 - Grupo II"]
[Site "?"]
[Date "2024.02.17"]
[Round "4.54"]
[White "Pache Marconell, Juan"]
[Black "Fernandez Rubio, Rafael"]
[Result "1-0"]
[WhiteElo "1807"]
[BlackElo "2033"]
[PlyCount "99"]
[GameId "2166508125962563"]
[EventDate "2024.01.27"]
[WhiteTeam "Teruel B"]
[BlackTeam "Tauste"]

1. e4 d6 2. d4 Nf6 3. Bd3 e5 4. c3 exd4 5. cxd4 Nc6 6. Nf3 Bg4 7. Be3 Be7 8. h3 Bh5 9. Nbd2 O-O 10. Qb3 Na5 11. Qc2 Nc6 12. a3 Bg6 13. Rc1 d5 14. e5 Bxd3 15. Qxd3 Nd7 16. O-O Re8 17. Rc3 Nb6 18. b4 a6 19. Rfc1 Qd7 20. Qc2 Rac8 21. Ne1 f6 22. f4 fxe5 23. fxe5 Rf8 24. Nd3 Qf5 25. Nc5 Qxc2 26. R1xc2 Bxc5 27. bxc5 Na4 28. Rb3 b5 29. Nf3 Na5 30. Rd3 h6 31. Bf2 Kf7 32. Nd2 Ke6 33. Rf3 Rxf3 34. gxf3 Nc4 35. Nxc4 bxc4 36. Be1 Rb8 37. Bb4 Rb5 38. Rg2 g5 39. c6 a5 40. Bf8 Rb1+ 41. Kh2 Rb3 42. Bxh6 Rxa3 43. Rxg5 Rxf3 44. Rg8 Rf7 45. Re8+ Re7 46. Rf8 Rf7 47. Re8+ Kf5 48. e6 Rh7 49. e7 Ke6 50. Bg5 1-0

[Event "Preferente Aragonesa 2024 - Grupo II"]
[Site "?"]
[Date "2024.02.17"]
[Round "4.55"]
[White "Carbonel Sanchez, Andres"]
[Black "Abancens Fernandez, Bernardo"]
[Result "1-0"]
[WhiteElo "1970"]
[BlackElo "1799"]
[PlyCount "101"]
[GameId "2166508126003524"]
[EventDate "2024.01.27"]
[WhiteTeam "Tauste"]
[BlackTeam "Teruel B"]

1. e4 c5 2. Nf3 Nc6 3. d4 cxd4 4. Nxd4 g6 5. c4 Bg7 6. Be3 d6 7. Nc3 Nf6 8. Be2 Bd7 9. O-O O-O 10. f3 Nxd4 11. Bxd4 a5 12. b3 Bc6 13. Qd2 Nd7 14. Be3 Nc5 15. Rac1 Qb6 16. Nb5 Rfc8 17. Rfd1 Qd8 18. Kh1 Qf8 19. Bf1 f5 20. exf5 Qxf5 21. Re1 Be5 22. Bd4 Nd7 23. Bd3 Qf6 24. Bxe5 Nxe5 25. Be4 a4 26. Nc3 axb3 27. Nd5 Qf8 28. axb3 Ra3 29. Rb1 Qg7 30. Qg5 Re8 31. Nc7 Rc8 32. Bd5+ Kh8 33. Ne6 Qf6 34. Bxc6 bxc6 35. f4 Nd3 36. Re3 Nb4 37. h4 Kg8 38. h5 Ra1 39. Rxa1 Qxa1+ 40. Kh2 Qf6 41. hxg6 hxg6 42. Qg4 Re8 43. Rg3 Qh8+ 44. Rh3 Qf6 45. Rh6 Kf7 46. Rh7+ Kg8 47. Rg7+ Qxg7 48. Nxg7 Kxg7 49. f5 Rh8+ 50. Kg1 Rh6 51. Qg5 1-0

[Event "Preferente Aragonesa 2024 - Grupo II"]
[Site "?"]
[Date "2024.02.17"]
[Round "4.56"]
[White "Garcia Fuentes, Jorge"]
[Black "San Lazaro Lorente, David"]
[Result "1/2-1/2"]
[WhiteElo "1440"]
[BlackElo "1755"]
[PlyCount "45"]
[GameId "2166508126052677"]
[EventDate "2024.01.27"]
[WhiteTeam "Teruel B"]
[BlackTeam "Tauste"]

1. e4 e6 2. d4 d5 3. e5 c5 4. c3 Nc6 5. Be3 Nge7 6. Nf3 Nf5 7. Bd3 cxd4 8. cxd4 Nxe3 9. fxe3 Bd7 10. O-O Qb6 11. Qd2 Rc8 12. Nc3 Be7 13. Kh1 O-O 14. e4 dxe4 15. Bxe4 Bb4 16. a3 Bxc3 17. bxc3 h6 18. Rfb1 Qc7 19. Qb2 Na5 20. Rc1 Bc6 21. Bxc6 Qxc6 22. Qb4 Qd5 23. Rab1 1/2-1/2

[Event "Preferente Aragonesa 2024 - Grupo II"]
[Site "?"]
[Date "2024.02.17"]
[Round "4.57"]
[White "Sanchez Castro, Roberto"]
[Black "Muro Guerrero, Miguel"]
[Result "1/2-1/2"]
[WhiteElo "1916"]
[BlackElo "2055"]
[PlyCount "104"]
[GameId "2166508126101830"]
[EventDate "2024.01.27"]
[WhiteTeam "Iberajedrez Mundo 64 B"]
[BlackTeam "Dr. Azua"]

1. d4 d5 2. Nf3 Nf6 3. e3 e6 4. Bd3 c5 5. c3 Bd6 6. Nbd2 Nc6 7. dxc5 Bxc5 8. Qe2 O-O 9. e4 e5 10. exd5 Nxd5 11. Ne4 Be7 12. Nfg5 f5 13. Qh5 h6 14. h4 fxe4 15. Bc4 b5 16. Bxd5+ Qxd5 17. Be3 Bc5 18. Rd1 Qc4 19. Bxc5 Qxc5 20. Nxe4 Qc4 21. f3 Qf7 22. Qxf7+ Rxf7 23. Rd6 Bb7 24. Nc5 Rd8 25. Nxb7 Rxb7 26. Rxc6 Rbd7 27. O-O Rd2 28. Rf2 Rxf2 29. Kxf2 Rd2+ 30. Kg3 Rxb2 31. Ra6 Rc2 32. Ra3 h5 33. Kh3 Kh7 34. Rxa7 Rxc3 35. Ra5 e4 36. Rxb5 exf3 37. Rxh5+ Kg6 38. Rg5+ Kh6 39. gxf3 Rxf3+ 40. Rg3 Rf2 41. Ra3 Rc2 42. Ra4 g5 43. Kg3 gxh4+ 44. Kxh4 Kg6 45. Kg4 Kf6 46. Kf4 Ke6 47. Ke4 Kd6 48. Kd3 Rh2 49. Ra5 Kc6 50. a4 Kb6 51. Rb5+ Ka6 52. Rg5 Rh4 1/2-1/2

[Event "Preferente Aragonesa 2024 - Grupo II"]
[Site "?"]
[Date "2024.02.17"]
[Round "4.58"]
[White "Garcia Garcia, Enrique"]
[Black "Garcia Monterde, Francisco Jose"]
[Result "0-1"]
[WhiteElo "1842"]
[BlackElo "1826"]
[PlyCount "106"]
[GameId "2166508126134599"]
[EventDate "2024.01.27"]
[WhiteTeam "Dr. Azua"]
[BlackTeam "Iberajedrez Mundo 64 B"]

1. d4 Nf6 2. c4 e6 3. Nf3 Bb4+ 4. Bd2 Qe7 5. Qc2 Nc6 6. e4 Bxd2+ 7. Nbxd2 d6 8. a3 a5 9. Bd3 e5 10. d5 Nb8 11. O-O Na6 12. Qa4+ Bd7 13. Qxa5 O-O 14. Qc3 Nc5 15. b4 Na4 16. Qc2 c6 17. dxc6 Bxc6 18. Nb3 Rfc8 19. Rfc1 Bd7 20. Qe2 Be6 21. h3 h6 22. Qe3 Nb2 23. Nfd2 Qd8 24. Rc2 Na4 25. Rac1 Nd7 26. f4 exf4 27. Qxf4 Ne5 28. Be2 Ng6 29. Qe3 Nb6 30. Na5 Qc7 31. c5 dxc5 32. Rxc5 Qd7 33. Ndb3 Bxb3 34. Qxb3 Qd4+ 35. Kh1 Rxc5 36. Rxc5 Qxe4 37. Bf3 Qf4 38. Bxb7 Re8 39. Qd1 Qg3 40. Rc1 Qxa3 41. Nc6 Nf4 42. Kh2 Nbd5 43. Ra1 Qe3 44. Qg4 g6 45. Rf1 Kg7 46. Rf3 Qd2 47. Na5 f5 48. Qg3 Re2 49. Rf2 Rxf2 50. Bxd5 Nxd5 51. Qe5+ Kf7 52. Qg3 Nf4 53. Qb3+ Kf6 0-1

[Event "Preferente Aragonesa 2024 - Grupo II"]
[Site "?"]
[Date "2024.02.17"]
[Round "4.59"]
[White "Moreno Burillo, Marcos Antonio"]
[Black "Cajo Esteban, Ruben"]
[Result "1-0"]
[WhiteElo "1814"]
[BlackElo "1815"]
[PlyCount "43"]
[GameId "2166508126183752"]
[EventDate "2024.01.27"]
[WhiteTeam "Iberajedrez Mundo 64 B"]
[BlackTeam "Dr. Azua"]

1. d4 d5 2. c4 e6 3. Nc3 Nf6 4. Bg5 Be7 5. e3 c6 6. Nf3 Nbd7 7. Qc2 O-O 8. a3 h6 9. Bf4 a6 10. Rd1 Nh5 11. Bg3 Nxg3 12. hxg3 Qc7 13. cxd5 exd5 14. Nxd5 Qa5+ 15. Nc3 c5 16. dxc5 Nxc5 17. b4 Qxa3 18. bxc5 Bxc5 19. Nb1 Qa5+ 20. Nbd2 Bb4 21. Bc4 b5 22. Ng5 1-0

[Event "Preferente Aragonesa 2024 - Grupo II"]
[Site "?"]
[Date "2024.02.17"]
[Round "4.60"]
[White "Casas Castillero, Jose Antonio"]
[Black "Barranco Castillo, Jose Antonio"]
[Result "1-0"]
[WhiteElo "1690"]
[BlackElo "1653"]
[PlyCount "87"]
[GameId "2166508126224713"]
[EventDate "2024.01.27"]
[WhiteTeam "Dr. Azua"]
[BlackTeam "Iberajedrez Mundo 64 B"]

1. Nf3 d6 2. d4 Nd7 3. c4 e5 4. Nc3 Ngf6 5. e4 Be7 6. Be2 c6 7. O-O a5 8. Qc2 O-O 9. Rd1 Qc7 10. b3 Re8 11. Bb2 Bf8 12. dxe5 dxe5 13. Na4 Nc5 14. Nxc5 Bxc5 15. Bxe5 Rxe5 16. Nxe5 Qxe5 17. Rd8+ Ne8 18. Rad1 Bb6 19. Qd3 Rb8 20. Qg3 f6 21. Qxe5 fxe5 22. Rxe8+ Kf7 23. Rdd8 Bxd8 24. Rxd8 Ke7 25. Rh8 Kd6 26. Bg4 Kc7 27. Bxc8 Rxc8 28. Rxh7 Rd8 29. Rxg7+ Kb6 30. h4 Ka6 31. h5 b5 32. cxb5+ Kxb5 33. h6 Kb4 34. h7 Rh8 35. Ra7 c5 36. Kf1 c4 37. bxc4 Kxc4 38. Rxa5 Kd4 39. Ra7 Kxe4 40. a4 Kf5 41. Ke2 Kf6 42. Ke3 Rb8 43. a5 Ke6 44. a6 1-0